Statistics for Country Word Search #5

Click here to take the quiz!

General Stats

  • This quiz has been taken 3,219 times
    (2,669 since last reset)
  • The average score is 9 of 10

Answers on the Map

Answers color-coded by a green-red scale on the quiz's map according to % correct below.
Loading ...
 

Answer Stats

Answer% Correct
Chile
100%
Albania
100%
Laos
98%
Mali
97%
Grenada
95%
Tuvalu
95%
Sudan
93%
Sweden
88%
Malawi
87%
Israel
49%

Score Distribution

Percentile by Number Answered

Percent of People with Each Score

Your Score History

You have not taken this quiz since the last reset